000 00288nam a2200121Ia 4500
008 190216s9999||||xx |||||||||||||| ||und||
100 _aSrivastav R M
245 0 _aFinancial Management & Policy
260 _bHimalaya Publishing House
300 _a822
650 _aCommerce
942 _cBK
999 _c5892
_d5892